| 000 | 00928cam a22002657a 4500 | ||
|---|---|---|---|
| 005 | 20160222105900.0 | ||
| 008 | 010212s2000 enkab i000 0 eng d | ||
| 020 | _a2831705452 | ||
| 040 |
_aUKM _cUKM _dDLC _dWaU _dCO-BoIAVH |
||
| 041 | 0 | _aspa | |
| 042 | _alccopycat | ||
| 044 | _aenk | ||
| 082 | 0 | 0 |
_a577.789 _bW53m |
| 100 | 1 | _aWestmacott, Susie. | |
| 245 | 0 | 0 |
_aManagement of bleached and severely damaged coral reefs / _cSusie Westmacott... [et al.]. |
| 260 |
_aGland ; _aCambridge : _bIUCN, _cc2000. |
||
| 300 |
_aviii, 36 páginas : _bilustraciones a color, mapas a color ; _c30 x 21 cm. |
||
| 504 | _aIncluye referencias bibliográficas. | ||
| 650 | 6 |
_aCorales _xmanejo |
|
| 650 | 0 |
_aArrecifes coralinos _xconservación |
|
| 650 | 6 |
_aArrecifes coralinos _xAspectos económicos. |
|
| 650 | 6 |
_aIslas _xAspectos económicos. |
|
| 650 | 6 |
_aCorales _xblanqueo |
|
| 942 |
_2ddc _cLIBRO |
||
| 999 |
_c2175 _d2175 |
||